000 00430nam a2200169Ia 4500
003 OSt
005 20240311140115.0
008 170619s9999 xx 000 0 und d
020 _a9780275994983
040 _cIIMT ENGINEERING COLLEGE
100 _aChambers- K.D
245 4 _aThe Entrepreneur's Guide to Writing Business Plans and Proposals
260 _bmacmillan
260 _c2008
546 _aENGLISH
942 _2ddc
_c02
999 _c22795
_d22795